000 00396nam a22001577a 4500
008 250716b |||||||| |||| 00| 0 eng d
020 _a8123909314
050 _aTN870.5
_b.L48
100 _aLevorson A.I
245 _aGeology of Petroleum
250 _a2nd
260 _aNew Delhi
_bCBS Publishers & Distribution
_c2004
300 _ax, 724p.
_bill.
650 _aPetroleum-Geology
942 _cBK
999 _c4313
_d4313